[Event "GER-ch U10"]
[Site "Magdeburg"]
[Date "2014.06.13"]
[Round "10"]
[White "Sulzbacher, Marijana"]
[Black "Ultsch, Paul"]
[Result "1/2-1/2"]
[WhiteElo "1016"]
[BlackElo "1024"]
[PlyCount "40"]
[EventDate "2014.06.08"]
[EventType "swiss"]
[EventRounds "11"]
[EventCountry "GER"]
[SourceTitle "CBM 160 Extra"]
[Source "ChessBase"]
[SourceDate "2014.07.01"]
[SourceVersion "1"]
[SourceVersionDate "2014.07.01"]
[SourceQuality "1"]

1. e4 e5 2. Nf3 Nc6 3. Bc4 Nf6 4. d3 Bc5 5. Be3 Bxe3 6. fxe3 0-0 7. 0-0 d6 8. c3 Re8 9. Qb3 Rf8 10. Ng5 Qe7 11. Nxf7 Rxf7 12. Bxf7+ Qxf7 13. Qxf7+ Kxf7 14. d4 Kg8 15. dxe5 dxe5 16. Nd2 Be6 17. Rf2 Rf8 18. a3 Ng4 19. Rxf8+ Kxf8 20. Rf1+ Ke7 1/2-1/2

[Event "GER-ch U10"]
[Site "Magdeburg"]
[Date "2014.06.11"]
[Round "7"]
[White "Ultsch, Paul"]
[Black "Kind, Swantje"]
[Result "0-1"]
[WhiteElo "1024"]
[BlackElo "938"]
[PlyCount "80"]
[EventDate "2014.06.08"]
[EventType "swiss"]
[EventRounds "11"]
[EventCountry "GER"]
[SourceTitle "CBM 160 Extra"]
[Source "ChessBase"]
[SourceDate "2014.07.01"]
[SourceVersion "1"]
[SourceVersionDate "2014.07.01"]
[SourceQuality "1"]

1. e4 e5 2. Nf3 Nc6 3. Nc3 Bc5 4. Bc4 d6 5. d3 Bg4 6. 0-0 Qe7 7. h3 Bh5 8. Bg5 Qd7 9. Bd2 0-0-0 10. Nd5 Nd4 11. Kh2 Nxf3+ 12. gxf3 Ne7 13. Bg5 f6 14. Be3 Bxe3 15. fxe3 Nxd5 16. exd5 Rde8 17. e4 f5 18. Qe2 c6 19. dxc6 bxc6 20. Qg2 d5 21. exd5 cxd5 22. Bb3 e4 23. dxe4 dxe4 24. fxe4 fxe4 25. Qf2 Qc7+ 26. Kg2 Re5 27. Rae1 Rg5+ 28. Kh1 Bf3+ 29. Qxf3 exf3 30. Be6+ Kb8 31. Re3 Qxc2 32. Rb3+ Rb5 33. Rxb5+ Kc7 34. Rc5+ Qxc5 35. Rxf3 Qc6 36. Bd5 Qxd5 37. Kg2 Rf8 38. Kf1 Qxf3+ 39. Ke1 Qg2 40. Kd1 Rf1# 0-1

[Event "GER-ch U10"]
[Site "Magdeburg"]
[Date "2014.06.10"]
[Round "5"]
[White "Ultsch, Paul"]
[Black "Basovskiy, Jana"]
[Result "0-1"]
[WhiteElo "1024"]
[BlackElo "1157"]
[PlyCount "112"]
[EventDate "2014.06.08"]
[EventType "swiss"]
[EventRounds "11"]
[EventCountry "GER"]
[SourceTitle "CBM 160 Extra"]
[Source "ChessBase"]
[SourceDate "2014.07.01"]
[SourceVersion "1"]
[SourceVersionDate "2014.07.01"]
[SourceQuality "1"]

1. e4 e5 2. Nf3 d6 3. Nc3 Nf6 4. Bc4 Be7 5. 0-0 Nbd7 6. d3 c6 7. Bg5 0-0 8. Re1 a5 9. h3 b5 10. Bxf6 Bxf6 11. Qd2 bxc4 12. dxc4 Qc7 13. Qe3 Rb8 14. b3 Rd8 15. Nd1 Qb6 16. Qd3 Nc5 17. Qe3 Ne6 18. Qd3 Nf4 19. Qc3 Re8 20. a3 Qc7 21. Nd2 d5 22. cxd5 Qd6 23. dxc6 Ba6 24. Kh2 Rbc8 25. Qxa5 Rxc6 26. Qb4 Qxb4 27. axb4 Rxc2 28. Rxa6 Rxd2 29. Rf1 Red8 30. Ra1 Be7 31. b5 Rb8 32. Nc3 Rb2 33. g3 Nd3 34. Ra7 Bb4 35. Rfa1 Rxf2+ 36. Kg1 Bxc3 37. Ra8 Rf8 38. Rxf8+ Kxf8 39. Rd1 Bd4 40. Rxd3 Rd2+ 41. Kf1 Rxd3 42. Ke2 Rxb3 43. g4 Re3+ 44. Kd2 Rxe4 45. Kd3 Re3+ 46. Kc4 Rc3+ 47. Kd5 Re3 48. Kc6 e4 49. b6 Bxb6 50. Kxb6 Rc3 51. Kb5 e3 52. Kb4 Rc8 53. Kb3 e2 54. Kb2 e1Q 55. Kb3 Qb1+ 56. Ka3 Ra8# 0-1

[Event "GER-ch U10"]
[Site "Magdeburg"]
[Date "2014.06.09"]
[Round "4"]
[White "Breitzmann, Sander"]
[Black "Ultsch, Paul"]
[Result "1-0"]
[WhiteElo "1220"]
[BlackElo "1024"]
[PlyCount "103"]
[EventDate "2014.06.08"]
[EventType "swiss"]
[EventRounds "11"]
[EventCountry "GER"]
[SourceTitle "CBM 160 Extra"]
[Source "ChessBase"]
[SourceDate "2014.07.01"]
[SourceVersion "1"]
[SourceVersionDate "2014.07.01"]
[SourceQuality "1"]

1. e4 e5 2. Nf3 Nf6 3. Nxe5 Qe7 4. Nf3 Qxe4+ 5. Be2 Nc6 6. Nc3 Qg6 7. 0-0 d5 8. d4 Bh3 9. Nh4 Qg4 10. Bxg4 Bxg4 11. f3 Be6 12. Re1 0-0-0 13. Bf4 Be7 14. Bg5 h6 15. Bxf6 Bxf6 16. Ng6 fxg6 17. Rxe6 Bxd4+ 18. Kf1 Bxc3 19. bxc3 Na5 20. Re5 Nc4 21. Kf2 Nxe5 22. Qd4 Rhe8 23. Qxa7 Rf8 24. Qa8+ Kd7 25. Qxb7 Kd6 26. Rd1 c6 27. c4 Rf7 28. Qb4+ Ke6 29. cxd5+ cxd5 30. Qb6+ Ke7 31. Qc7+ Nd7 32. Rxd5 Ke8 33. Qc4 Re7 34. a4 Nb6 35. Qc6+ Rdd7 36. Rxd7 Nxd7 37. Qxg6+ Rf7 38. a5 Nf6 39. Qd3 Rd7 40. Qb5 Nd5 41. a6 Nc7 42. Qb8+ Ke7 43. a7 Rd2+ 44. Kg3 Rxc2 45. Qb4+ Kf6 46. Qf4+ Ke7 47. Qe4+ Kf6 48. Qxc2 g5 49. Qxc7 h5 50. a8Q h4+ 51. Kg4 Kg6 52. Qa6# 1-0

[Event "Mecklenburg VP-ch U10"]
[Site "Malchow"]
[Date "2014.02.04"]
[Round "7"]
[White "Ultsch, Paul"]
[Black "Marzisch, Darius"]
[Result "1/2-1/2"]
[WhiteElo "999"]
[BlackElo "963"]
[PlyCount "62"]
[EventDate "2014.02.01"]
[EventType "swiss"]
[EventRounds "7"]
[EventCountry "GER"]
[SourceTitle "EXT 2017"]
[Source "ChessBase"]
[SourceDate "2016.10.25"]
[SourceVersion "1"]
[SourceVersionDate "2016.10.25"]
[SourceQuality "1"]

1. e4 e5 2. Nf3 Nc6 3. Nc3 Nf6 4. Bb5 Bc5 5. 0-0 0-0 6. d3 h6 7. Bxc6 dxc6 8. Nxe5 Bd4 9. Nf3 Bxc3 10. bxc3 Bg4 11. h3 Bh5 12. Re1 Re8 13. g4 Bg6 14. g5 hxg5 15. Nxg5 Qd7 16. e5 Nh7 17. Nxh7 Bxh7 18. Qf3 Qf5 19. Qg3 Qg6 20. Qxg6 Bxg6 21. Rb1 b6 22. Bf4 Re6 23. c4 c5 24. Re3 Bf5 25. Kg2 Rae8 26. c3 Rd8 27. Rd1 c6 28. d4 cxd4 29. cxd4 f6 30. exf6 gxf6 31. Rxe6 Bxe6 1/2-1/2

[Event "Mecklenburg VP-ch U10"]
[Site "Malchow"]
[Date "2014.02.01"]
[Round "1"]
[White "Brockmann, Ole"]
[Black "Ultsch, Paul"]
[Result "0-1"]
[WhiteElo "744"]
[BlackElo "999"]
[PlyCount "76"]
[EventDate "2014.02.01"]
[EventType "swiss"]
[EventRounds "7"]
[EventCountry "GER"]
[SourceTitle "EXT 2017"]
[Source "ChessBase"]
[SourceDate "2016.10.25"]
[SourceVersion "1"]
[SourceVersionDate "2016.10.25"]
[SourceQuality "1"]

1. e4 e5 2. Nf3 Nc6 3. d3 Nf6 4. Bg5 h6 5. Bxf6 Qxf6 6. Be2 Nd4 7. Nfd2 Bc5 8. c3 Nc6 9. Bf3 d6 10. 0-0 Qg6 11. g3 Bh3 12. Re1 0-0 13. Bh5 Qf6 14. Nf3 Bd7 15. Rf1 g6 16. Bxg6 fxg6 17. Qb3+ Be6 18. Qd1 Qxf3 19. Qxf3 Rxf3 20. Nd2 Rxd3 21. Rad1 Rf8 22. a3 Bh3 23. Rfe1 Bxf2+ 24. Kh1 Bxe1 25. Rxe1 Rxd2 26. Rg1 Rf1 27. Rxf1 Bxf1 28. Kg1 Bh3 29. b3 Rd1+ 30. Kf2 Rf1+ 31. Ke3 Na5 32. b4 Nc4+ 33. Kd3 b5 34. a4 a6 35. axb5 axb5 36. Kc2 Rf3 37. Kb3 Rf2 38. g4 Rb2# 0-1